[Event "AUTO-ADV-957"]
[Site "http://www.queenalice.com/game.php?id=425690"]
[Date "2008.6.30"]
[Round "1"]
[White "mizu"]
[Black "faustino"]
[Result "1-0"]
[WhiteElo "1684"]
[BlackElo "1599"]

1. e4 e6 2. d4 Qh4 3. Bd3 Nc6 4. Nf3 Qe7 5. Nc3 g6 6. Bf4 b6 7. Bxc7 d6 8. Nb5
Qd7 9. c3 Ba6 10. Nxd6+ Bxd6 11. Bxd6 Qxd6 12. Bxa6 Nf6 13. e5 Qe7 14. exf6 Qxf6
15. Bb7 Rd8 16. Bxc6+ Kf8 17. O-O Kg7 18. Ne5 h5 19. Qf3 Qxf3 20. Nxf3 h4 21. h3
f6 22. Rfe1 Rc8 23. Bd7 Rc7 24. Bxe6 a5 25. Bb3 g5 26. Re3 Kh6 27. Re6 Kg6 28.
Rxb6 1-0

[Event "AUTO-ADV-957"]
[Site "http://www.queenalice.com/game.php?id=425691"]
[Date "2008.6.30"]
[Round "1"]
[White "faustino"]
[Black "mizu"]
[Result "0-1"]
[WhiteElo "1722"]
[BlackElo "1683"]

1. e3 e5 2. Qh5 Nc6 3. Bc4 d5 4. Bb5 Bd6 5. Bxc6+ bxc6 6. Nf3 Nf6 7. Qg5 O-O 8.
b3 Ba6 9. Nxe5 Ne4 10. Qh5 Qe7 11. Nxc6 Qf6 12. f3 Ng5 13. c3 Bd3 14. Ba3 Bxa3
15. Nxa3 Nxf3+ 16. Qxf3 Qxc6 17. O-O-O Qa6 18. Kb2 Be2 19. Qxd5 Bxd1 20. Rxd1
Qe2 21. Kc1 a6 22. Nc4 Rac8 23. Ne5 Qh5 24. Rf1 Rcd8 25. Qc5 Qe2 26. Rd1 Rc8 0-1

[Event "AUTO-ADV-957"]
[Site "http://www.queenalice.com/game.php?id=425714"]
[Date "2008.6.30"]
[Round "1"]
[White "faustino"]
[Black "amadeuswags"]
[Result "0-1"]
[WhiteElo "1692"]
[BlackElo "1821"]

1. e3 e5 2. g3 f5 3. Bg2 Nf6 4. b3 Bc5 5. Nf3 Nc6 6. Bb2 Bd6 7. O-O O-O 8. d4 e4
9. Ng5 Nd5 10. Nc3 Nxc3 11. Bxc3 Qxg5 12. h4 Qg4 13. Qxg4 Bb4 14. Qf4 Bxc3 0-1

[Event "AUTO-ADV-957"]
[Site "http://www.queenalice.com/game.php?id=425715"]
[Date "2008.6.30"]
[Round "1"]
[White "amadeuswags"]
[Black "faustino"]
[Result "1-0"]
[WhiteElo "1809"]
[BlackElo "1704"]

1. e4 e6 2. d4 Qh4 3. Nc3 Bb4 4. Bd2 Bxc3 5. Bxc3 Nf6 6. e5 Ne4 7. g3 Nxc3 8.
gxh4 Nxd1 9. Rxd1 b6 10. Bg2 c6 11. c4 Bb7 12. d5 cxd5 13. cxd5 O-O 14. Ne2 exd5
15. Bxd5 1-0

[Event "AUTO-INT-949"]
[Site "http://www.queenalice.com/game.php?id=425946"]
[Date "2008.7.1"]
[Round "1"]
[White "faustino"]
[Black "chaosagent"]
[Result "0-1"]
[WhiteElo "1681"]
[BlackElo "1609"]

1. e3 e5 2. b3 d5 3. Bb2 d4 4. exd4 exd4 5. Nf3 Nc6 6. Bb5 Bc5 7. Bxc6+ bxc6 8.
Nxd4 Bxd4 9. Qe2+ Qe7 10. Qxe7+ Nxe7 11. Bxd4 O-O 12. O-O Bf5 13. d3 Rad8 14.
Bc5 Rfe8 15. Bxe7 Rxe7 16. Na3 Rde8 17. Nc4 Re5 18. Nxe5 Rxe5 19. Rfd1 h6 20. c4
c5 21. d4 cxd4 0-1

[Event "AUTO-INT-949"]
[Site "http://www.queenalice.com/game.php?id=425947"]
[Date "2008.7.1"]
[Round "1"]
[White "chaosagent"]
[Black "faustino"]
[Result "1-0"]
[WhiteElo "1628"]
[BlackElo "1660"]

1. e4 e6 2. d4 Qh4 3. e5 Qe4+ 4. Be3 b6 5. Nc3 Bb4 6. Ne2 Bxc3+ 7. Nxc3 Qg6 8.
Qf3 c6 9. Bd3 f5 10. exf6 Qxf6 11. Qg3 Bb7 12. O-O-O Ne7 13. Bf4 c5 14. Bxb8 Nf5
15. Bxf5 exf5 16. Rhe1+ Kf7 17. Be5 Qh6+ 18. Kb1 Rhg8 19. Bd6 cxd4 20. Re7+ Kf6
21. Qe5+ Kg5 22. Rxd4 Rgf8 23. Rxg7+ Kh5 24. Qe2+ 1-0

[Event "AUTO-INT-949"]
[Site "http://www.queenalice.com/game.php?id=425948"]
[Date "2008.7.1"]
[Round "1"]
[White "faustino"]
[Black "ozimandias"]
[Result "0-1"]
[WhiteElo "1643"]
[BlackElo "1428"]

1. e3 e5 2. b3 Nf6 3. Bb2 Bb4 4. Bxe5 d6 5. Bxf6 Qxf6 6. c3 Ba5 7. Na3 O-O 8.
Nc4 Bxc3 9. Rc1 Bb4 10. a3 Bc5 11. b4 Bb6 12. Nxb6 cxb6 13. Qc2 Nc6 14. Bd3 a5
15. Bxh7+ Kh8 16. h4 axb4 17. axb4 Nxb4 18. Qe4 Qb2 19. Rb1 Nc2+ 20. Ke2 Qxb1
21. Qf4 Qe1+ 0-1

[Event "AUTO-INT-949"]
[Site "http://www.queenalice.com/game.php?id=425949"]
[Date "2008.7.1"]
[Round "1"]
[White "ozimandias"]
[Black "faustino"]
[Result "0-1"]
[WhiteElo "1496"]
[BlackElo "1621"]

1. e4 e6 2. d4 Qh4 3. Nc3 Bb4 4. Nf3 Qxe4+ 5. Be2 Bxc3+ 6. bxc3 Nf6 7. Ba3 Nd5
8. Ng5 Qxg2 9. Bf3 Qxg5 10. h4 Qf5 11. c4 Nc3 12. Qc1 Qxf3 13. Qg5 Qe2# 0-1

[Event "AUTO-INT-949"]
[Site "http://www.queenalice.com/game.php?id=425950"]
[Date "2008.7.1"]
[Round "1"]
[White "faustino"]
[Black "hendrixx"]
[Result "0-1"]
[WhiteElo "1618"]
[BlackElo "1733"]

1. e3 Nf6 2. b3 g6 3. Bb2 Bg7 4. Na3 d5 5. Bxf6 Bxf6 6. c3 O-O 7. Qf3 Qd6 8. Nb5
Qc6 9. a4 a6 10. Nd4 Qd6 11. b4 Bxd4 12. exd4 Nc6 13. Nh3 a5 14. b5 Nd8 15. Ng5
e5 16. h4 exd4 17. h5 Qe5+ 0-1

[Event "AUTO-INT-949"]
[Site "http://www.queenalice.com/game.php?id=425951"]
[Date "2008.7.1"]
[Round "1"]
[White "hendrixx"]
[Black "faustino"]
[Result "1-0"]
[WhiteElo "1744"]
[BlackElo "1586"]

1. e4 e6 2. d4 b6 3. Nc3 Bb4 4. Bd2 Bb7 5. a3 Bxc3 6. Bxc3 Bxe4 7. f3 Bc6 8. Bd3
Nf6 9. Ne2 Nd5 10. Bd2 O-O 11. O-O Qh4 12. g3 Qf6 13. c4 Ne7 14. Be4 Bxe4 15.
fxe4 Qg6 16. Nf4 Qxe4 17. Bb4 Nbc6 18. Bc3 Nf5 19. Re1 Ne3 20. Qe2 1-0

[Event "Challenge"]
[Site "http://www.queenalice.com/game.php?id=435377"]
[Date "2008.7.18"]
[Round "-"]
[White "zonszein"]
[Black "faustino"]
[Result "1-0"]
[WhiteElo "2155"]
[BlackElo "1656"]

1. e4 e6 2. d4 g6 3. Nc3 Bg7 4. f4 Qh4+ 5. g3 Qe7 6. Nf3 b6 7. Be3 Qb4 8. a3
Qxb2 9. Nb5 Ba6 10. Nxc7+ Ke7 11. Nxa6 Nxa6 12. Bxa6 1-0

[Event "Challenge"]
[Site "http://www.queenalice.com/game.php?id=435378"]
[Date "2008.7.18"]
[Round "-"]
[White "faustino"]
[Black "zonszein"]
[Result "0-1"]
[WhiteElo "1658"]
[BlackElo "2154"]

1. e3 e5 2. b3 d5 3. Bb2 Bd6 4. Nf3 Nf6 5. Bxe5 Bxe5 6. Nxe5 Ne4 7. Qf3 O-O 8.
Nc3 Qd6 9. Ng4 f5 10. Nb5 fxg4 11. Nxd6 gxf3 0-1